Hodnotové aspekty interkulturní komunikace /

Hlavní autor: Hes, Aleš
Jazyk: Čeština
Vydáno: Praha : Vysoká škola finanční a správní, 2014
Vydání: Vydání první
Edice: Eupress
Témata:
Fyzický popis: 64 stran : ilustrace ; 21 cm
Language note: České a anglické resumé
Knihy
Uloženo v:
LEADER 02211nam a2200649 i 4500
001 nkc20142651151
003 CZ PrNK
005 20160829105218.0
007 ta
008 141217s2014 xr a f 000 0 cze
015 |a cnb002651151 
020 |a 978-80-7408-108-8  |q (brožováno) 
035 |a (OCoLC)958227275 
040 |a BOA001  |b cze  |d ABA001  |e rda 
041 0 |a cze  |b cze  |b eng 
043 |a e-xr--- 
072 7 |a 316.7  |x Sociologie kultury. Kulturní život  |2 Konspekt  |9 1 
080 |a 316.3/.6  |2 MRF 
080 |a 378.011.3-052  |2 MRF 
080 |a 316.72/.75:37.035  |2 MRF 
080 |a 316.72/.75  |2 MRF 
080 |a 316.772.4  |2 MRF 
080 |a 316.752  |2 MRF 
080 |a (437.3)  |2 MRF 
080 |a (048.8:082)  |2 MRF 
100 1 |a Hes, Aleš  |7 ola2003206341  |4 aut 
245 1 0 |a Hodnotové aspekty interkulturní komunikace /  |c Aleš Hes a kol. 
250 |a Vydání první 
264 1 |a Praha :  |b Vysoká škola finanční a správní,  |c 2014 
300 |a 64 stran :  |b ilustrace ;  |c 21 cm 
336 |a text  |b txt  |2 rdacontent 
337 |a bez média  |b n  |2 rdamedia 
338 |a svazek  |b nc  |2 rdacarrier 
490 1 |a Eupress 
504 |a Obsahuje bibliografii a bibliografické odkazy 
546 |a České a anglické resumé 
650 0 7 |a člověk a společnost  |7 ph116878  |z Česko  |2 czenas 
650 0 7 |a vysokoškolští studenti  |7 ph127281  |2 czenas 
650 0 7 |a multikulturní výchova  |7 ph829799  |2 czenas 
650 0 7 |a kulturní diverzita  |7 ph497317  |2 czenas 
650 0 7 |a interkulturní komunikace  |7 ph121149  |2 czenas 
650 0 7 |a hodnoty  |7 ph120778  |2 czenas 
650 0 9 |a man and society  |z Czechia  |2 eczenas 
650 0 9 |a college students  |2 eczenas 
650 0 9 |a multicultural education  |2 eczenas 
650 0 9 |a cultural diversity  |2 eczenas 
650 0 9 |a intercultural communication  |2 eczenas 
650 0 9 |a values  |2 eczenas 
655 7 |a kolektivní monografie  |7 fd501537  |2 czenas 
655 9 |a collective monographs  |2 eczenas 
830 0 |a Eupress  |0 s 
910 2 |a BOA001  |b 2-1371.344 
928 9 |a Eupress 
990 |a BK 
995 |a 01 
991 |b 201608  |c NOV 
996 6 |b 2610676844  |c 2-1371.344  |l MZK  |r Sklad / do 1 hodiny  |n 4  |p p.v.  |w 001571516  |u 000010  |a 1  |e BOA001  |j MZK50  |s P